000 00705cab a2200253 4500
001 X92046
008 090401t1998 xxu||||| |||| 00| 0 eng d
035 _a(Sirsi) u86554
041 _aeng
100 _aSeidl, A.
245 _aGestures of commitment
260 _c1998
350 _a0
490 _aEstates Gazette
_v(9820) 16 May 1998, 58-60(3)
520 _aInterview with the soon to be new RICS chief executive, John Armstrong. Explains his plan of action.
650 _aCHIEF EXECUTIVE
650 _aFUTURE
650 _aJOHN ARMSTRONG
650 _aREFORM
650 _aRICS
690 _aMANAGEMENT-BUSINESS MANAGEMENT-PROFESSIONAL PRACTICE
942 _n0
948 _c02/06/1998
999 _c54487
_d54487